• 首页
  • 本馆介绍
  • 公告通知
  • 最新文献
  • 馆藏检索
  • 电子资源
  • 读者导购
  • 参考咨询
  • 我的图书馆
  • 登录
  • 详细信息显示
  • 放入我的书架
  • 预约/预借图书
  • 作者相关作品
  • 分类相关作品
  • 丛书相关作品
  • 出版社相关作品

书目信息

  • 表格格式
  • 工作单格式
  • 卡片格式
题名:
人道主义的呼唤
    
 
作者: 邓朴方 著
分册: 第三辑  
出版信息: 北京   华夏出版社  2006
页数: 518页
开本: 21cm
丛书名:
单 册:
中图分类: D669.69-52
科图分类:
主题词: 残疾人--社会保障--中国--文集 , 社会保障 , 残疾人 , 政治--中国
电子资源:
ISBN: 7-5080-3959-9
000 00921nam0 2200265 450
001 1256825390
005 20121004154937.75
010    @a7-5080-3959-9@dCNY35.00
100    @a20070226d2006 em y0chiy50 ea
101 0  @achi
102    @aCN@b110000
105    @ay z 000yy
106    @ar
200 1  @a人道主义的呼唤@h第三辑@e2001~2005@f邓朴方著@Aren dao zhu yi de hu huan
210    @a北京@c华夏出版社@d2006
215    @a518页@d21cm
330    @a本书收录了邓朴方同志二○○一年至二○○五年《中国残疾人事业“十五”计划纲要》实施期间有关人道主义、残疾人事业和残疾人工作的部分文章、演讲、报告、谈话、讲话、函电、答记者问等,计八十四篇。
606 0  @a残疾人@x社会保障@y中国@j文集
606 0  @a社会保障
606 0  @a残疾人
606 0  @a政治@x中国
690    @aD669.69-52@v4
701  0 @a邓朴方@f(1944.4~)@4著@Adeng pu fang
801  0 @aCN@b110120@c20070227
905    @a10447@dD669.69-52@eJY57:3
    
    人道主义的呼唤.第三辑:2001~2005/邓朴方著.-北京:华夏出版社,2006
    518页;21cm
    
    
    ISBN 7-5080-3959-9:CNY35.00
    本书收录了邓朴方同志二○○一年至二○○五年《中国残疾人事业“十五”计划纲要》实施期间有关人道主义、残疾人事业和残疾人工作的部分文章、演讲、报告、谈话、讲话、函电、答记者问等,计八十四篇。
●
相关链接 在E读中查询图书 在五车中查询图书 在当当中查询图书 在豆瓣中查询图书


正题名:人道主义的呼唤     索取号:D669.69-52/JY57:3         预约/预借

序号 登录号 条形码 馆藏地/架位号 状态 备注
1 7812310   278123102   学院路分馆/ [索取号:D669.69-52/JY57:3] 在馆    
2 7812311   278123111   学院路分馆/ [索取号:D669.69-52/JY57:3] 在馆    
唐山师范学院图书馆 欢迎您!
大连网信软件有限公司© 版权所有